| 000 | 00631nam a2200205Ia 4500 | ||
|---|---|---|---|
| 003 | OSt | ||
| 005 | 20200817120555.0 | ||
| 008 | 190216s9999||||xx |||||||||||||| ||und|| | ||
| 020 | _a0471199575 | ||
| 020 | _a9788126513383 | ||
| 040 | _coclc | ||
| 082 |
_a546 _bCOT/A |
||
| 100 |
_aCotton, F Albert _94076 |
||
| 245 | 0 |
_aAdvanced Inorganic Chemistry / _cF Albert Cotton ; Geoffrey Wilkinson ; Carlos A Murillo ; Manfred Bochmann |
|
| 250 | _a6th Ed. | ||
| 260 |
_bJohn Wiley And Sons, _c1999. _aNew York: |
||
| 300 | _a1145p | ||
| 650 | _aChemistry-Chemistry | ||
| 942 |
_cBK _2ddc _h546 _iCOT/A _k546 _mCOT/A |
||
| 999 |
_c2863 _d2863 |
||